000 00345nam a2200145 a 4500
005 20140414131914.0
008 100902s19uu xx 00 eng d
050 _aFIC
_bAr1 2003
100 _aArcher, Chris
245 _aThe last clue.
260 _aNew York :
_bScholastic,
_c2003.
440 _aPyrates
999 _c111376
_d111376